MDQL
is popping MORE tags! Check the
thread
!
Quizzes
Events
Quiz Creation
Community
Videos
Private Events
Remove Ads
Sign In
Join for FREE
Feedback
Dark Mode
Quiz Categories
Sports
Geography
Music
Movies
Television
Just For Fun
Miscellaneous
History
Literature
Language
Science
Gaming
Entertainment
Religion
Holiday
For Kids
Quiz Lab
Recent
Popular Today
Quiz Kudos Today
Editor Picks
Curator Picks
Quizzes by...
Day
Popularity
Type
Ratings
Length
Year
Community
Subscriptions
Recent Discussions
Orange Saloon
Badges
Playlists
Quests
Create
Leaderboards
Showdown
Live 5
Trivia Bingo
Activity
Puzzle Library
Sporcle Events
Private Events
Virtual Trivia
Globe League
Become a Host
Pub Owners
SporcleCon
Opinionation
Our Games
Videos
Blog
Mobile Apps
Partnerships
Remove Ads and Go Orange
Feedback
Religion
Mythology
Religious Music
World Religions
Bible
Christianity
Catholicism
Judaism
Church
Scripture
Islam
Verse
Religion
Mythology
Religious Music
World Religions
Bible
Christianity
Catholicism
Judaism
Church
Scripture
Islam
Verse
Random Quiz
Search Sporcle
×
Quiz Lab
Quiz Lab
Religion
Jesus
Type in answers that appear in a list
Type in answers that appear in a list
Classic
Best Score? Go Orange.
Matthew's Genealogy of Jesus Stats
Can you name the Matthew's Geneology of Jesus?
By
VoxInhumana
10m
48 Questions
201 Plays
201 Plays
201 Plays
Comments
Comments
Give Quiz Kudos
Give Quiz Kudos
-
- Ratings
hide this ad
More Info
Replay
Link that replays current quiz
Next Quiz
Link to next quiz in quiz playlist
You Got
0%
They Got
Avg Score
53%
Avg Friend Score
Upgrade to see
Score Distribution
Jump to the score distribution portion of the page
Score
0/48
Timer
10:00
0
Plays Today
Preface
Name
% Correct
An account of the genealogy of
Jesus
91%
of whom
Jesus
91%
the son of
Abraham.
87.1%
the son of
David,
85.6%
the father of
King David.
85.6%
the father of
Jacob,
84.6%
the father of
Jacob,
84.6%
the father of
Joseph
82.1%
was the father of
Isaac,
81.6%
the father of
Judah
73.1%
was the father of
Solomon
71.1%
the husband of
Mary,
70.6%
the father of
Jesse,
67.7%
by
Ruth,
64.2%
the father of
Perez
63.7%
the father of
Boaz
61.2%
the father of
Obed
60.7%
by
the wife of Uriah,
60.2%
by
Tamar,
58.7%
the father of
Rehoboam,
53.7%
by
Rahab,
52.7%
the father of
Hezron,
51.7%
the father of
Salmon,
51.2%
the father of
Hezekiah,
50.2%
Preface
Name
% Correct
the father of
Ahaz,
47.8%
the father of
Abijah,
46.8%
the father of
Manasseh,
44.8%
the father of
Aram,
44.3%
the father of
Uzziah,
44.3%
the father of
Nashon,
43.3%
the father of
Josiah,
43.3%
the father of
Jehoshaphat,
42.8%
the father of
Joram,
41.3%
the father of
Aminadab,
40.8%
the father of
Zerubbabel,
39.3%
the father of
Jotham,
38.8%
the father of
Eleazar,
36.3%
the father of
Matthan,
35.8%
the father of
Zadok,
34.8%
the father of
Eliakim,
33.8%
the father of
Azor,
33.8%
the father of
Eliud,
33.8%
the father of
Asaph,
33.3%
the father of
Abiud,
32.3%
the father of
Achim,
30.8%
the father of
Jechoniah
29.9%
the father of
Amos,
29.4%
was the father of
Salathiel,
25.4%
Quiz Playlist
Details
Report
Send in Message
Add To Playlist
More Info:
Translations from NRSV
Classic:
Type in answers that appear in a list
Quiz Source
Last Updated: Feb 16, 2017
Quiz Scoreboard
CHALLENGE
Sign Up to Join the Scoreboard
Show All
Scores
Hide
Comments
May contain spoilers
Recently Published
1-10 Letter E Words III
by El_Dandy
Language
2m
Street Fighter Characters
by Artimus82
Gaming
60s
College Basketball Coaching Resumes
by pancakes188
Sports
9m
More to Explore
Quiz From the Vault
Featured Blog Post
Where Did the Easter Bunny Come From?
hide this ad
You Might Also Like...
Tags
Applicable
Geneology
Jesus
Matthew
Suffix
Today's Top Quizzes in Religion
Browse Religion
hide this ad
Today's Top Quizzes in Jesus
Browse Jesus
Top Contributed Quizzes in Religion
1
5-to-1: Children of Gods
2
5-to-1: European Churches
3
One Thing in Common: Mythology
4
One Thing in Common: Mythology II
5
One Thing in Common: Religion
6
Mythological Creature Bunker
7
One Thing in Common: Religion and Mythology
8
Prime Time: Religion
9
Murdered Mythical Monsters
10
10 to 1: Islam
Explore More
Trending Topics
Anime
Marvel
Disney
NBA
Crossword
Kpop
Harry Potter
Pokémon
WWE
The Office
Puzzle
NFL
Soccer
Country
Song
hide this ad
More By:
VoxInhumana
Quiz
Plays
Rating
Category
Featured
Created
Christmas in the Bible
514
2.50
Religion
Dec 13, 2009
Country road lengths
318
4.25
Geography
Mar 14, 2010
Matthew's Genealogy of Jesus
201
4.00
Religion
Dec 14, 2009
Locations of the Christmas Story
197
4.00
Geography
Dec 14, 2009
Go to Creator's Profile
Score Distribution
Quiz Creator Spotlight
VoxInhumana
Follow
Send a Message
Quizzes Created
-
Created Quiz Play Count
-
More By This Creator
Popular Quizzes Today
1
Find the US States - No Outlines Minefield
2
Find the Countries of Europe - No Outlines Minefield
3
The Countries of the World
4
Find the US States
5
Risky Map Clicking: Biggest States A-Z
6
US States
7
Popular People in 1961
8
Movies - When Are They Set?
More Religion Quizzes
Trimmed Genesis Names
Editor's Pick
Trending Quizzes
Risky Map Clicking: Least Populous States A-Z
USA Borders Longest to Shortest
1-10 Letter G Words
1-10 Letter F Words
Countries of the World: 200 Million BC
Recently Updated
Beyoncé Albums
pecheneg
Leaping Animals
pecheneg
Reality TV Shows (A-Z)
bhenderson79
Rickey Henderson's Hall of Fame Teammates
pecheneg
Champions League XIs: Arsenal
pecheneg
Quick Pick: Celebrities in WWE's Hall of Fame
aduchscher
A-Z Keypad Blitz II
pecheneg
Multiple Oscar Actors
pecheneg
Mystery Phrase Blitz: Oscar 'Best Actors'
pecheneg
F. Scott Fitzgerald Novels
LTH
Trending Topics
Crossword
Kpop
Harry Potter
Disney
NBA
Marvel
Anime
The Office
Country
WWE
NFL
Pokémon
Song
Soccer
Puzzle
Your Account Isn't Verified!
In order to create a playlist on Sporcle, you need to verify the email address you used during registration. Go to your
Sporcle Settings
to finish the process.
Report this User
Report this user for behavior that violates our
Community Guidelines
.
Details:
Send Report
Go to the Sporcle.com Mobile Site →
Comments